| 000 | 00669nam a2200181Ia 4500 | ||
|---|---|---|---|
| 008 | 151018s9999 xx 000 0 und d | ||
| 082 |
_bRBASDV29126 _a891.434 |
||
| 100 | _aअविनाश धर्माधिकारी | ||
| 245 | _aअस्वस्थ दशकाची डायरी | ||
| 250 | _b4 | ||
| 260 |
_bक्ष _c1998 |
||
| 300 | _a523 | ||
| 600 | _aअविनाश धर्माधिकारी | ||
| 630 | _aअस्वस्थ दशकाची डायरी | ||
| 700 | _aअविनाश धर्माधिकारी | ||
| 730 | _aअस्वस्थ दशकाची डायरी | ||
| 942 | _cBOOK | ||
| 999 |
_c1028691 _d1028688 |
||